| 000 | 01432nam a2200325Ia 4500 | ||
|---|---|---|---|
| 001 | ebr5003697 | ||
| 003 | CaPaEBR | ||
| 006 | m u | ||
| 007 | cr cn||||||||| | ||
| 008 | 810213r20011863mauabc s 000 0 eng d | ||
| 010 | _z 02008311 | ||
| 020 | _z1582185484 | ||
| 040 |
_aCaPaEBR _cCaPaEBR |
||
| 035 | _a(OCoLC)133166691 | ||
| 050 | 1 | 4 |
_aE475.35 _b.D69 2001eb |
| 100 | 1 |
_aDoubleday, Abner, _d1819-1893. |
|
| 245 | 1 | 0 |
_aChancellorsville, and Gettysburg _h[electronic resource] / _cAbner Doubleday. |
| 260 |
_aScituate, Mass. : _bDigital Scanning, _c2001. |
||
| 300 |
_axviii, 265 p. : _bill., 2 port., maps. |
||
| 490 | 0 |
_aThe army in the Civil War ; _vv.6 |
|
| 500 | _a"As published in 1885." | ||
| 500 | _aOriginally published: The Army in the Civil War, Volume VI: Chancellorsville, and Gettysburg. New York: C. Scribner's sons, 1882. | ||
| 533 |
_aElectronic reproduction. _bPalo Alto, Calif. : _cebrary, _d2009. _nAvailable via World Wide Web. _nAccess may be limited to ebrary affiliated libraries. |
||
| 650 | 0 | 0 | _aChancellorsville, Battle of, Chancellorsville, Va., 1863. |
| 650 | 0 | _aGettysburg, Battle of, Gettysburg, Pa., 1863. | |
| 651 | 0 |
_aUnited States _xHistory _yCivil War, 1861-1865 _xCampaigns. |
|
| 655 | 7 |
_aElectronic books. _2local |
|
| 710 | 2 | _aebrary, Inc. | |
| 856 | 4 | 0 |
_uhttp://site.ebrary.com/lib/rucke/Doc?id=5003697 _zAn electronic book accessible through the World Wide Web; click to view |
| 999 |
_c251 _d251 |
||